| 000 | 01192nam a22003497a 4500 | ||
|---|---|---|---|
| 003 | EG-ScBUE | ||
| 005 | 20220124133824.0 | ||
| 008 | 110606s1999 nyu f 000 f eng d | ||
| 020 | _a1883011744 | ||
| 020 | _a9781883011741 | ||
| 040 |
_aEG-ScBUE _beng _erda _cEG-ScBUE _dEG-ScBUE |
||
| 043 | _af-ua--- | ||
| 082 | 0 | 4 |
_222 _a813.52 _bCAT |
| 100 | 1 |
_924748 _aCather, Willa _d1873-1947, _eauthor. |
|
| 245 | 1 | 0 |
_aNovels & Stories, 1905-1918 / _cWilla Cather; [wrote the notes for this volume Sharon O'Brien] |
| 264 | 1 |
_aNew York, NY : _bThe Library of America, _c1999. |
|
| 300 |
_a975 pages ; _c20 cm |
||
| 336 |
_2rdacontent _atext _btxt |
||
| 337 |
_2rdamedia _aunmediated _bn |
||
| 338 |
_2rdacarrier _avolume _bnc |
||
| 505 | 0 | _aThe Troll Garden -- O pioneers! -- The Song of the Lark -- My Antonia. | |
| 650 | _2BUEsh | ||
| 651 | 7 |
_924526 _aUnited States _xSocial life and customs _y20th century _vFiction. _2BUEsh |
|
| 653 |
_cJune2011 _bHHUUEENN |
||
| 655 |
_vReading book _934232 |
||
| 700 | 1 |
_924747 _aO'Brien, Sharon, _ewriter of introduction. |
|
| 740 | _aTroll Garden | ||
| 740 | _aO pioneers! | ||
| 740 | _aSong of the lark | ||
| 740 | _aMy Antonia | ||
| 942 |
_2ddc _cBB |
||
| 999 |
_c15552 _d15552 |
||